000
00259nam a2200085Ia 4500
245
0
_a
For the sake of silence
100
_a
GREEN, Michael Cawood Roggebaai [South Africa], 2008 1st ed
_9
75913
942
_c
BK
008
210817s9999 xx 000 0 und d
999
_c
271276
_d
271275